[Event "17th Dubai Chess Open"]
[Site "Dubai UAE"]
[Date "2015.04.11"]
[Round "5.29"]
[White "Sagar, Shah"]
[Black "Maisuradze, Nino"]
[Result "1/2-1/2"]
[WhiteTitle "IM"]
[BlackTitle "WGM"]
[WhiteElo "2458"]
[BlackElo "2302"]
[WhiteFideId "5022509"]
[BlackFideId "13601717"]
[EventDate "2015.04.06"]

1. d4 Nf6 2. c4 c5 3. d5 e6 4. Nc3 exd5 5. cxd5 d6 6. e4 g6 7. Bd3 Bg7 8. h3 O-O
9. Nf3 Re8 10. O-O Na6 11. Re1 Nc7 12. a4 Rb8 13. Bf4 Nh5 14. Bh2 a6 15. Bf1 b6
16. e5 dxe5 17. Nxe5 Bb7 18. d6 Ne6 19. Nxf7 Kxf7 20. d7 Re7 21. Bxb8 Bd4 22.
Bc4 Qxb8 23. Qg4 Ng7 24. Rxe6 Nxe6 25. Re1 Kg7 26. Rxe6 Rxd7 27. Rxg6+ hxg6 28.
Qxd7+ Kh6 29. Qf7 Bc6 30. Bxa6 Bxc3 31. bxc3 Bxa4 32. Qf6 Bc2 33. Qh4+ Kg7 34.
Qe7+ Kh8 35. Bb5 Qf4 36. Qe3 Qxe3 37. fxe3 Kg7 38. Kf2 Kf6 39. Kf3 Ke5 40. Bc6
Bd3 41. e4 b5 42. Ke3 Bf1 43. g3 b4 44. cxb4 cxb4 45. h4 b3 46. Bd5 Bg2 47. Bxb3
Bxe4 48. g4 Bb1 49. g5 Kf5 50. Bd1 Ke6 51. Bb3+ Kf5 52. Kf3 Be4+ 53. Kg3 Bd3 54.
Bd5 Ke5 55. Bg8 Bb5 56. Bf7 Kf5 57. Bb3 Ke5 58. Bc2 Be8 59. Kf3 Bc6+ 60. Ke3 Be8
61. Bd3 Bf7 62. Bb5 Kf5 63. Bd7+ Ke5 64. Bh3 Be8 65. Bg4 Bf7 66. Kf3 Bd5+ 67.
Kg3 Bf7 68. Be2 Be8 69. Bc4 Kd4 70. Ba2 Ke5 71. Bb3 Kf5 72. Bc2+ Ke5 73. Bd1 Kf5
74. Be2 Bf7 75. Bd3+ Ke5 76. h5 gxh5 77. Kh4 Ke6 78. Be2 Bg6 79. Bxh5 Kf7 1/2-1/2

[Event "17th Dubai Chess Open"]
[Site "Dubai UAE"]
[Date "2015.04.11"]
[Round "5.30"]
[White "Kulkarni, Rakesh"]
[Black "Pascua, Haridas"]
[Result "0-1"]
[BlackTitle "IM"]
[WhiteElo "2282"]
[BlackElo "2423"]
[WhiteFideId "5037077"]
[BlackFideId "5203953"]
[EventDate "2015.04.06"]

1. e4 c5 2. c3 Nf6 3. e5 Nd5 4. d4 cxd4 5. Nf3 Nc6 6. cxd4 d6 7. Bc4 Nb6 8. Bb5
Bd7 9. Nc3 dxe5 10. dxe5 g6 11. Be3 Bg7 12. Qe2 a6 13. Bxc6 Bxc6 14. O-O O-O 15.
Rfd1 Qc7 16. Rac1 Rac8 17. e6 f5 18. Bd4 Bxf3 19. Qxf3 Bxd4 20. Rxd4 Qe5 21. Rd2
Rc6 22. Re2 Qc7 23. h4 h5 24. Rce1 Rd6 25. a4 Qc6 26. Qxc6 bxc6 27. b3 Rb8 28.
Rc2 Kg7 29. Nb1 Nd5 30. Na3 Rxb3 31. Nc4 Nb4 32. Rcc1 Rd5 33. Ne5 c5 34. Nd7 Nd3
35. Red1 Rd6 36. Rc2 Rxe6 37. Nxc5 Nxc5 38. Rxc5 Rb4 39. a5 Rxh4 40. Rdc1 Rd4
41. Rb1 Rd2 42. Rc3 Ree2 43. Rf3 Ra2 44. Rb6 Rxa5 45. Rg3 e6 46. Rb7+ Kf6 47.
Rh7 Ra1+ 48. Kh2 Ra4 0-1

[Event "17th Dubai Chess Open"]
[Site "Dubai UAE"]
[Date "2015.04.11"]
[Round "5.31"]
[White "Petrosyan, Manuel"]
[Black "Ram, Aravind L N"]
[Result "1-0"]
[WhiteTitle "IM"]
[BlackTitle "FM"]
[WhiteElo "2427"]
[BlackElo "2135"]
[WhiteFideId "13300857"]
[BlackFideId "25033760"]
[EventDate "2015.04.06"]

1. d4 b6 2. c4 Bb7 3. Nc3 e6 4. a3 Nf6 5. Nf3 Be7 6. d5 d6 7. e4 e5 8. Be2 O-O
9. O-O Ne8 10. Ne1 g6 11. Nd3 Bf6 12. b4 c5 13. bxc5 bxc5 14. Bh6 Bg7 15. Bxg7
Nxg7 16. Rb1 Bc8 17. Qd2 f5 18. f4 fxe4 19. Nxe4 Bf5 20. Nxd6 Qxd6 21. fxe5 Qd8
22. Rb7 Qc8 23. Qb2 Nd7 24. e6 Rb8 25. Rxb8 Nxb8 26. Ne5 Nxe6 27. dxe6 Bxe6 28.
Bf3 Qc7 29. Re1 Qg7 30. Qf2 Nd7 31. Nxd7 Qxd7 32. Qxc5 Rc8 33. Qe5 Bxc4 34. Rd1
Qe6 35. Qd4 Qb6 36. Bg4 Rd8 37. Qxb6 Rxd1+ 38. Bxd1 axb6 39. Kf2 Kf7 40. Ke3 Ke6
41. Kd4 Bf1 42. g3 Kd6 43. Bc2 Bg2 44. h4 Bf3 45. Ke3 Bd5 46. Kf4 Ke6 47. Kg5
Kf7 48. Kh6 Kg8 49. h5 gxh5 50. Bxh7+ Kf7 51. Bg6+ Kf6 52. Bxh5 Ke5 53. g4 Kd4
54. Be8 Ke5 55. g5 Kd6 56. g6 Ke7 57. Bb5 Kf6 58. g7 Bg8 59. Bd3 Ke5 60. a4 Kd4
61. Bb5 Kd5 62. Kg6 Ke5 63. Be2 Kd6 64. Kf6 Be6 65. Bh5 Bg8 66. Bf7 Bh7 67. Bc4
Kc5 68. Bb5 Kd5 1-0

[Event "17th Dubai Chess Open"]
[Site "Dubai UAE"]
[Date "2015.04.11"]
[Round "5.32"]
[White "Rathnakaran, K."]
[Black "Babaliyev, Myrat"]
[Result "1-0"]
[WhiteTitle "IM"]
[WhiteElo "2411"]
[BlackElo "2012"]
[WhiteFideId "5005507"]
[BlackFideId "14001802"]
[EventDate "2015.04.06"]

1. e4 e5 2. Nf3 d6 3. d4 Nd7 4. Bc4 Be7 5. dxe5 Nxe5 6. Nxe5 dxe5 7. Qh5 g6 8.
Qxe5 Nf6 9. Bh6 Qd6 10. Qxd6 cxd6 11. Nc3 Be6 12. Bb5+ Bd7 13. Rd1 O-O-O 14. O-O
Be6 15. h3 a6 16. Be2 Rhe8 17. Bf4 d5 18. Na4 b5 19. Nb6+ Kb7 20. Nxd5 Nxd5 21.
exd5 Rxd5 22. Bf3 Rd8 23. Rfe1 Bf6 24. Be5 Bg5 25. a4 Kb6 26. Bxd5 Rxd5 27. Rxd5
Bxd5 28. axb5 axb5 29. Bd4+ Kc6 30. b3 h5 31. Kf1 Bd2 32. Re8 Ba5 33. Ra8 Bc7
34. f3 Bg3 35. Ke2 Kd7 36. Ra6 Bc6 37. Kd3 Bb8 38. c4 g5 39. Ra5 Bc7 40. Rxb5
Bxb5 41. cxb5 f5 42. g4 hxg4 43. hxg4 fxg4 44. fxg4 Bf4 45. Be3 1-0

[Event "17th Dubai Chess Open"]
[Site "Dubai UAE"]
[Date "2015.04.11"]
[Round "5.33"]
[White "Abou El Zein, Eid Mahmoud"]
[Black "Perunovic, Milos"]
[Result "0-1"]
[WhiteTitle "IM"]
[BlackTitle "GM"]
[WhiteElo "2191"]
[BlackElo "2632"]
[WhiteFideId "10600078"]
[BlackFideId "921629"]
[EventDate "2015.04.06"]

1. d4 Nf6 2. c4 c5 3. d5 b5 4. cxb5 a6 5. bxa6 g6 6. Nc3 Bxa6 7. Nf3 Bg7 8. g3
d6 9. Bg2 Nbd7 10. Rb1 O-O 11. O-O Qa5 12. Bd2 Bb7 13. b3 Qa6 14. Ne1 e6 15.
dxe6 fxe6 16. a4 d5 17. Nd3 Rac8 18. Nf4 d4 19. Bxb7 Qxb7 20. Nb5 Rc6 21. f3 e5
22. Nd3 e4 23. fxe4 Nxe4 24. Rxf8+ Bxf8 25. Qc1 Rf6 26. Bf4 h5 27. h4 Kh7 28.
Kh2 Rf5 29. Qh1 Ndf6 30. Qg2 Bh6 31. Rc1 Qe7 32. Kg1 g5 33. hxg5 Bxg5 34. Nxd4
cxd4 35. Rc7 Nd7 36. Rxd7 Qxd7 37. Qxe4 Bxf4 38. Nxf4 Kh6 39. a5 h4 40. Ne6 Qf7
41. Qxh4+ Rh5 42. Qe4 Rxa5 43. Nf4 Rg5 44. Qc6+ Kh7 45. Qc2+ Kg7 46. Qd3 Qxf4
47. Kg2 Qe3 48. Qxe3 dxe3 49. Kf3 Rb5 50. Kxe3 Rxb3+ 51. Kf4 Kf6 0-1

[Event "17th Dubai Chess Open"]
[Site "Dubai UAE"]
[Date "2015.04.11"]
[Round "5.34"]
[White "Ehlvest, Jaan"]
[Black "Mammadova, Narmin"]
[Result "1-0"]
[WhiteTitle "GM"]
[BlackTitle "WCM"]
[WhiteElo "2547"]
[BlackElo "2176"]
[WhiteFideId "4500016"]
[BlackFideId "13403710"]
[EventDate "2015.04.06"]

1. Nf3 Nf6 2. c4 c6 3. Nc3 d5 4. e3 e6 5. b3 Bd6 6. Bb2 O-O 7. d4 Nbd7 8. Be2 b6
9. O-O Bb7 10. Rc1 Rc8 11. cxd5 exd5 12. Bd3 Re8 13. Ne2 Ne4 14. Ng3 Nxg3 15.
hxg3 Qf6 16. Re1 Qh6 17. g4 f6 18. g3 Qh3 19. Nh2 Nf8 20. Bf1 Qh6 21. Kg2 Rc7
22. Bd3 g6 23. Nf3 Bc8 24. Rh1 Qg7 25. Nd2 Ne6 26. Rh4 Ng5 27. Qe2 a5 28. Rch1
Rce7 29. Qd1 Bb7 30. Qb1 c5 31. Rh6 Kf7 32. Nf3 Rh8 33. Nxg5+ fxg5 34. Bxg6+
hxg6 35. Rxh8 Ke6 36. R8h6 Kf6 37. Qf5# 1-0

[Event "17th Dubai Chess Open"]
[Site "Dubai UAE"]
[Date "2015.04.11"]
[Round "5.35"]
[White "El Jawich, Amro"]
[Black "Abdelnabbi, Imed"]
[Result "1/2-1/2"]
[WhiteTitle "FM"]
[BlackTitle "IM"]
[WhiteElo "2190"]
[BlackElo "2433"]
[WhiteFideId "5300380"]
[BlackFideId "10600035"]
[EventDate "2015.04.06"]

1. e4 c5 2. Nf3 g6 3. d4 cxd4 4. Nxd4 Bg7 5. Nc3 Nc6 6. Be3 Nf6 7. Bc4 O-O 8.
Bb3 a5 9. O-O a4 10. Nxa4 Nxe4 11. Nb5 Rxa4 12. Bxa4 Bxb2 13. Rb1 Bg7 14. c4 d6
15. Bc2 Nf6 16. Nd4 Qa5 17. Nxc6 bxc6 18. a4 Ba6 19. Bd3 Nd7 20. c5 Bxd3 21.
Qxd3 Nxc5 22. Bxc5 dxc5 23. Qe4 Qc7 24. Rb3 Rd8 25. Rfb1 Bf6 26. g3 Rd4 27. Qc2
Qa5 28. Rc3 Rd5 29. Rf3 Rd2 30. Qe4 Rd6 31. Rxf6 Rxf6 32. Rb8+ Kg7 33. Qxe7 Re6
34. Qf8+ Kf6 35. Rb3 c4 36. Rf3+ Ke5 37. Qxf7 Qe1+ 38. Kg2 Kd6 39. Qf8+ Kd5 40.
Qg7 Re7 41. Qf8 Qe4 42. Qd8+ Kc5 43. Qa5+ Kd6 44. Qd8+ Rd7 45. Qb8+ Kc5 46. a5
c3 47. Qb3 Rd3 48. Qa3+ Kb5 49. Qb3+ Kxa5 50. Qa2+ Kb4 51. Qb1+ Kc4 52. Qa2+ Kd4
53. Qa4+ Ke5 54. Qa5+ Ke6 55. Qa2+ Rd5 56. Qa8 Rf5 57. Qe8+ Kd5 58. Qxe4+ Kxe4
59. Rxc3 c5 60. g4 Rd5 61. h4 Kd4 62. Rc1 Re5 63. f4 Re8 64. h5 gxh5 65. gxh5 c4
66. Kf3 c3 67. f5 h6 68. Rd1+ Kc4 69. Kf4 c2 70. Rc1 Kd3 71. f6 Kd2 72. Rxc2+
Kxc2 73. Kf5 Kd3 74. f7 Re1 75. Kg6 Rf1 76. Kxh6 Rxf7 77. Kg6 Rf1 78. h6 Rg1+
79. Kf7 Rh1 80. Kg7 1/2-1/2

[Event "17th Dubai Chess Open"]
[Site "Dubai UAE"]
[Date "2015.04.11"]
[Round "5.36"]
[White "Beshukov, Sergei"]
[Black "Rajarishi, Karthi"]
[Result "0-1"]
[WhiteTitle "GM"]
[WhiteElo "2416"]
[BlackElo "2055"]
[WhiteFideId "4105451"]
[BlackFideId "5092523"]
[EventDate "2015.04.06"]

1. Nf3 d5 2. g3 Nf6 3. Bg2 Bg4 4. O-O Nbd7 5. c4 e6 6. Qb3 Nc5 7. Qc2 a5 8. d3
Be7 9. b3 O-O 10. Bb2 c6 11. Nbd2 Nfd7 12. d4 Bf5 13. Qd1 Ne4 14. Ne1 Nxd2 15.
Qxd2 a4 16. Nd3 axb3 17. axb3 Qb6 18. Qc3 Ra6 19. Nc5 Rxa1 20. Rxa1 Qc7 21. Nxd7
Qxd7 22. Ra7 Qc8 23. Qa5 Bd8 24. Qb4 b6 25. Qd6 b5 26. c5 f6 27. Qd7 Qxd7 28.
Rxd7 Ba5 29. Ra7 Bd2 30. e4 dxe4 31. Kf1 b4 32. Ra4 Rb8 33. Ke2 Bc3 34. Bxc3
bxc3 35. b4 Rd8 36. Ke3 e5 37. dxe5 c2 0-1

[Event "17th Dubai Chess Open"]
[Site "Dubai UAE"]
[Date "2015.04.11"]
[Round "5.37"]
[White "Makropoulou, Marina"]
[Black "Baghdasaryan, Vahe"]
[Result "0-1"]
[WhiteTitle "WGM"]
[BlackTitle "IM"]
[WhiteElo "2154"]
[BlackElo "2400"]
[WhiteFideId "4200187"]
[BlackFideId "13303139"]
[EventDate "2015.04.06"]

1. e4 c5 2. Nf3 e6 3. d4 cxd4 4. Nxd4 Nc6 5. Nc3 Nf6 6. Ndb5 Bc5 7. Bf4 O-O 8.
Bc7 Qe7 9. Bd6 Bxd6 10. Qxd6 Qd8 11. O-O-O a6 12. Nd4 Qb6 13. Nxc6 bxc6 14. e5
Ng4 15. Bd3 Rb8 16. Bxh7+ Kxh7 17. Qxf8 Qxb2+ 18. Kd2 Qb6 19. Qd6 Qxf2+ 20. Kc1
Qe3+ 21. Qd2 Qxe5 22. Rhf1 f5 23. Rf3 d5 24. Qg5 Bd7 25. Rg3 Qf6 26. Qxf6 Nxf6
27. Na4 Rb5 28. a3 c5 29. Rb3 Rxb3 30. cxb3 Bxa4 31. bxa4 c4 32. Kc2 e5 33. Rb1
d4 34. Rb6 d3+ 35. Kd1 Ne4 36. Rxa6 c3 37. Rb6 Nf2+ 0-1

[Event "17th Dubai Chess Open"]
[Site "Dubai UAE"]
[Date "2015.04.11"]
[Round "5.38"]
[White "Videnova, Iva"]
[Black "Bit-Narva, David"]
[Result "1-0"]
[WhiteTitle "IM"]
[WhiteElo "2398"]
[BlackElo "2117"]
[WhiteFideId "2907763"]
[BlackFideId "24128856"]
[EventDate "2015.04.06"]

1. e4 e6 2. d4 d5 3. Nc3 Bb4 4. a3 Bxc3+ 5. bxc3 dxe4 6. Qg4 Nf6 7. Qxg7 Rg8 8.
Qh6 Rg6 9. Qe3 Nc6 10. Bb2 b6 11. Ne2 Ba6 12. Nf4 Bxf1 13. Nxg6 Bxg2 14. Rg1
hxg6 15. Rxg2 Qd5 16. Qf4 Nh5 17. Qg5 Rd8 18. O-O-O Na5 19. Re1 Qa2 20. c4 a6
21. Re2 Nxc4 22. c3 Rd5 23. Qh6 Rb5 24. Rxg6 Rxb2 25. Rg8+ Kd7 26. Rxb2 Qxb2+
27. Kd1 e3 28. Rd8+ Kxd8 29. Qf8+ Kd7 30. Qxf7+ Kc8 31. Qxe6+ Kb8 1-0

[Event "17th Dubai Chess Open"]
[Site "Dubai UAE"]
[Date "2015.04.11"]
[Round "5.39"]
[White "Mona, Khaled"]
[Black "Kanter, Eduard"]
[Result "0-1"]
[WhiteTitle "WGM"]
[BlackTitle "IM"]
[WhiteElo "2125"]
[BlackElo "2349"]
[WhiteFideId "10605908"]
[BlackFideId "4103963"]
[EventDate "2015.04.06"]

1. d4 Nf6 2. Nf3 c5 3. e3 g6 4. c4 Bg7 5. Nc3 O-O 6. Be2 cxd4 7. exd4 d5 8. O-O
Nc6 9. h3 b6 10. Bg5 dxc4 11. Bxc4 Na5 12. Be2 Bb7 13. Rc1 Nd5 14. Re1 Re8 15.
Bb5 Bc6 16. Nxd5 Qxd5 17. Bf1 Qd6 18. d5 Bd7 19. Qd2 e5 20. Ba6 Rab8 21. Red1 f6
22. Be3 f5 23. Bg5 f4 24. Bf1 h6 25. Bh4 e4 26. Nd4 g5 27. b4 Nb7 28. Nb5 Qe5
29. Nxa7 Ra8 30. Nc6 Qb2 31. Rc2 Qf6 32. Nd4 Ba4 33. Nb3 Bxb3 34. axb3 Nd6 35.
Rc6 e3 36. fxe3 fxe3 37. Qd3 gxh4 38. Be2 Qf2+ 39. Kh2 Ra2 40. Rxd6 Qf4+ 41. Kh1
Qxd6 42. Rf1 Ra1 0-1

[Event "17th Dubai Chess Open"]
[Site "Dubai UAE"]
[Date "2015.04.11"]
[Round "5.40"]
[White "Kharous, Ernest"]
[Black "Mohammed, Tarig Elther"]
[Result "0-1"]
[WhiteTitle "IM"]
[WhiteElo "2346"]
[BlackElo "2094"]
[WhiteFideId "4185730"]
[BlackFideId "12200964"]
[EventDate "2015.04.06"]

1. e4 d5 2. exd5 Qxd5 3. Nc3 Qd6 4. d4 c6 5. Nf3 Nf6 6. Be3 Bg4 7. h3 Bh5 8. Be2
Nbd7 9. Qd2 e6 10. O-O-O Qc7 11. g4 Bg6 12. Nh4 Bb4 13. Nxg6 hxg6 14. Qd3 Bxc3
15. Qxc3 Nd5 16. Qa3 Nxe3 17. Qxe3 Qa5 18. Kb1 Nf6 19. Rd3 Qd5 20. Bf3 Qd6 21.
c4 O-O-O 22. d5 exd5 23. cxd5 Kb8 24. Ra3 Rde8 25. Qd2 Re5 26. Bg2 Rhe8 27. Qc2
c5 28. Rd3 Nd7 29. Rhd1 Nb6 30. R3d2 a6 31. Qc3 g5 32. Qg3 Nc4 33. Rc2 Re1 34.
Qxd6+ Nxd6 35. Kc1 b6 36. Bf3 Nb5 37. Rxe1 Rxe1+ 38. Kd2 Rf1 39. Ke3 Nd4 40. Rd2
Re1+ 41. Be2 Kc7 42. Kd3 Rxe2 43. Rxe2 Nxe2 44. Kxe2 Kd6 45. Ke3 Kxd5 46. f4 f6
47. fxg5 fxg5 48. Kd3 c4+ 49. Kc3 Kc5 50. b3 b5 51. bxc4 bxc4 0-1

[Event "17th Dubai Chess Open"]
[Site "Dubai UAE"]
[Date "2015.04.11"]
[Round "6.1"]
[White "Howell, David W L"]
[Black "Shabalov, Alexander"]
[Result "1/2-1/2"]
[WhiteTitle "GM"]
[BlackTitle "GM"]
[WhiteElo "2686"]
[BlackElo "2511"]
[WhiteFideId "410608"]
[BlackFideId "2008572"]
[EventDate "2015.04.06"]

1. c4 f5 2. Nc3 Nf6 3. g3 g6 4. Bg2 Bg7 5. d3 O-O 6. e4 d6 7. Nge2 Nc6 8. O-O e5
9. Nd5 Nxd5 10. cxd5 Ne7 11. Bg5 h6 12. Be3 Kh7 13. Qd2 c6 14. exf5 Bxf5 15. Nc3
Qd7 16. Rfe1 cxd5 17. Nxd5 Nxd5 18. Bxd5 Qb5 19. Be4 d5 20. Bxf5 Rxf5 21. d4 e4
22. Rac1 Qd7 23. Bf4 Rf7 24. Rc7 Qe6 25. Rxf7 Qxf7 26. Rc1 Rd8 27. a4 Qe8 28.
Qb4 Rc8 29. Rxc8 Qxc8 30. Qe7 Qc2 31. Kg2 Qd1 32. Be5 Qf3+ 33. Kg1 1/2-1/2

[Event "17th Dubai Chess Open"]
[Site "Dubai UAE"]
[Date "2015.04.11"]
[Round "6.2"]
[White "Istratescu, Andrei"]
[Black "Fedoseev, Vladimir3"]
[Result "1/2-1/2"]
[WhiteTitle "GM"]
[BlackTitle "GM"]
[WhiteElo "2630"]
[BlackElo "2674"]
[WhiteFideId "1200372"]
[BlackFideId "24130737"]
[EventDate "2015.04.06"]

1. Nf3 c5 2. c4 Nf6 3. Nc3 e6 4. g3 b6 5. Bg2 Bb7 6. O-O Be7 7. b3 O-O 8. Bb2 d5
9. cxd5 Nxd5 10. d4 Nd7 11. Nxd5 Bxd5 12. e3 Rc8 13. Qe2 Rc7 14. Rac1 Qa8 15.
Rfd1 Bf6 16. Ne1 Bxg2 17. Nxg2 Rfc8 18. Ne1 h6 19. Nf3 Qe4 20. Nd2 Qg6 21. Nf3
Qe4 22. Nd2 Qg6 23. Nf3 Qf5 24. Nd2 Qg6 1/2-1/2

[Event "17th Dubai Chess Open"]
[Site "Dubai UAE"]
[Date "2015.04.11"]
[Round "6.3"]
[White "Kovalenko, Igor"]
[Black "Grandelius, Nils"]
[Result "1/2-1/2"]
[WhiteTitle "GM"]
[BlackTitle "GM"]
[WhiteElo "2661"]
[BlackElo "2603"]
[WhiteFideId "14117908"]
[BlackFideId "1710400"]
[EventDate "2015.04.06"]

1. Nf3 d5 2. d4 Nf6 3. c4 e6 4. Nc3 Bb4 5. Qa4+ Nc6 6. e3 O-O 7. h3 Bd7 8. Qc2
Ne7 9. c5 b6 10. Bd2 bxc5 11. dxc5 Bxc5 12. Nxd5 Nexd5 13. Qxc5 Ne4 14. Qd4 Nxd2
15. Qxd2 c5 16. Be2 Qb6 17. O-O Bb5 18. Rfc1 Rfd8 19. Bxb5 Qxb5 20. Qc2 Nb4 21.
Qe4 h6 22. Ne5 Rd5 23. a3 Nc6 24. Qc4 Qb6 25. Nxc6 Qxc6 26. e4 Re5 27. f3 Qb6
28. f4 Rh5 29. e5 Qxb2 30. Rd1 Rh4 31. Qe4 Rf8 32. Qe3 c4 33. Rab1 Qc2 34. Qg3
Rh5 35. Qf3 Rh4 36. Rbc1 Qb3 37. Rc3 Qa2 38. Rd4 Rc8 39. Kh2 g5 40. Qd1 Qb2 41.
Rg3 Kg7 42. Rd2 Qb5 43. fxg5 Qxe5 44. gxh6+ Kh7 45. Re2 Qf4 46. Qc2+ f5 47. Rxe6
Rg8 48. Qc3 Rxg3 49. Qxg3 Qxg3+ 50. Kxg3 Rxh6 51. Rxh6+ Kxh6 52. Kf4 c3 53. Ke3
f4+ 54. Kd3 Kg5 55. Kxc3 Kh4 56. Kd3 Kg3 57. Ke4 Kxg2 58. Kxf4 1/2-1/2

[Event "17th Dubai Chess Open"]
[Site "Dubai UAE"]
[Date "2015.04.11"]
[Round "6.4"]
[White "Kuzubov, Yuriy"]
[Black "Solak, Dragan"]
[Result "0-1"]
[WhiteTitle "GM"]
[BlackTitle "GM"]
[WhiteElo "2667"]
[BlackElo "2607"]
[WhiteFideId "14112906"]
[BlackFideId "916811"]
[EventDate "2015.04.06"]

1. e4 c6 2. Nc3 d5 3. Nf3 Nf6 4. e5 Ne4 5. Ne2 Qb6 6. d4 e6 7. Ng3 c5 8. c3 Bd7
9. Bd3 cxd4 10. cxd4 Nxg3 11. hxg3 h6 12. g4 Nc6 13. Kf1 Nb4 14. Bb1 Rc8 15. Bd2
Qa6+ 16. Kg1 Ba4 17. Qe1 Nc2 18. Bxc2 Bxc2 19. Rh3 Qb6 20. Bc3 Be7 21. Qe2 Bg6
22. Ne1 Rc4 23. Nd3 Qc7 24. Nf4 Bh7 25. Nh5 Rg8 26. Qd2 Kd7 27. Rf1 Bg6 28. a3
Qb6 29. f4 Bxh5 30. gxh5 Kc8 31. Qd3 f5 32. Rg3 Qc7 33. Rg6 Rc6 34. Rf3 Bd8 35.
Kh2 Rf8 36. Bb4 Rf7 37. Bc5 Be7 38. b4 Bxc5 39. dxc5 Re7 40. Rfg3 b6 41. cxb6
Qxb6 42. Rxg7 Rc1 43. Rg8+ Kb7 44. Qe3 Qxe3 45. Rxe3 Rd7 46. Rd3 d4 47. Rg6 Kc6
48. Rxe6+ Kd5 49. Re8 Ke4 50. e6 Rg7 51. Rd2 Ke3 52. Rb2 d3 53. Rd8 Rc2 54. e7
Rxe7 55. Rb3 Rd2 56. b5 Rg7 57. Re8+ Kf2 58. b6 Rxg2+ 59. Kh3 Rg3+ 60. Kh4 Rg4+
61. Kh3 Rg3+ 62. Kh4 Kg2 0-1

[Event "17th Dubai Chess Open"]
[Site "Dubai UAE"]
[Date "2015.04.11"]
[Round "6.5"]
[White "Bartel, Mateusz"]
[Black "Vocaturo, Daniele"]
[Result "0-1"]
[WhiteTitle "GM"]
[BlackTitle "GM"]
[WhiteElo "2627"]
[BlackElo "2579"]
[WhiteFideId "1112635"]
[BlackFideId "813192"]
[EventDate "2015.04.06"]

1. e4 e6 2. d4 d5 3. Nc3 Nf6 4. Bg5 Bb4 5. e5 h6 6. Be3 Ne4 7. Ne2 c5 8. dxc5
O-O 9. a3 Bxc5 10. Nxe4 Bxe3 11. fxe3 dxe4 12. Qd4 Nc6 13. Qxe4 Qg5 14. O-O-O
Qxe5 15. Nc3 Qxe4 16. Nxe4 Ne5 17. Bb5 a6 18. Be2 Bd7 19. Rd4 Bc6 20. Rhd1 Rfc8
21. Nd6 Rc7 22. g3 Kf8 23. Nc4 Nxc4 24. Rxc4 Rac8 25. b4 Ke7 26. Kb2 f5 27. Rc5
g5 28. Bd3 Kf6 29. Rf1 Bb5 30. Rxb5 axb5 31. e4 Rd8 32. exf5 e5 33. Re1 Rd4 34.
Re2 h5 35. h3 g4 36. h4 e4 37. Bxb5 Kxf5 38. c3 Rd8 39. a4 Ke5 40. a5 Rf7 41. a6
bxa6 42. Bxa6 Rf3 43. Bb7 Rxg3 44. Rxe4+ Kd6 45. Rc4 Re3 46. Rc6+ Ke5 47. Rc5+
Kf4 48. Rxh5 g3 49. Kb3 Rg8 50. Rg5 Rxg5 51. hxg5 Re4 0-1

[Event "17th Dubai Chess Open"]
[Site "Dubai UAE"]
[Date "2015.04.11"]
[Round "6.7"]
[White "Solodovnichenko, Yuri"]
[Black "Ipatov, Alexander"]
[Result "1-0"]
[WhiteTitle "GM"]
[BlackTitle "GM"]
[WhiteElo "2584"]
[BlackElo "2592"]
[WhiteFideId "14104369"]
[BlackFideId "14116731"]
[EventDate "2015.04.06"]

1. e4 e5 2. Nf3 Nf6 3. d4 Nxe4 4. dxe5 d5 5. Nbd2 Nc5 6. Nb3 Nxb3 7. axb3 Be7 8.
Bd3 c5 9. h3 Nc6 10. O-O Be6 11. Re1 h6 12. c3 Qd7 13. Be3 g5 14. Bb5 a6 15. b4
d4 16. cxd4 O-O-O 17. Ba4 b5 18. bxc5 bxa4 19. Rxa4 Qb7 20. Qa1 a5 21. Bd2 g4
22. hxg4 Bxg4 23. Re4 Bxf3 24. gxf3 Rhg8+ 25. Kh1 Qd7 26. Qf1 Qf5 27. Qa6+ Kd7
28. Qb7+ Ke8 29. Qxc6+ Rd7 30. Rg4 Qh5+ 31. Kg2 Rxg4+ 32. fxg4 Qxg4+ 33. Kf1
Qd1+ 34. Be1 Qd3+ 35. Kg2 Qd1 36. Rxa5 Qxd4 37. Ra8+ Bd8 38. Ra4 Qxb2 39. e6
Qg7+ 40. Kf1 fxe6 41. Qxe6+ Re7 42. Qc6+ Kf8 43. Rf4+ Kg8 44. Qd5+ Kh7 45. Qxd8
Rxe1+ 46. Kxe1 Qe5+ 47. Kf1 Qxf4 48. Qd3+ Kh8 49. Qc3+ Kh7 50. c6 Qc7 51. Qd3+
Kh8 52. Qc3+ Kh7 53. Kg1 h5 54. Qf6 Qc8 55. Qe7+ Kg6 56. Qd6+ Kf7 57. Qd5+ Kf6
58. Qd6+ Kf7 59. Qd5+ Kf6 60. Qxh5 Qg8+ 61. Kh1 Qc4 62. Qf3+ Ke7 63. Kg2 Qg8+
64. Kf1 Qh7 65. Qd5 Qb1+ 66. Kg2 Qg6+ 67. Kh3 Qh7+ 68. Kg4 Qc2 69. Qe5+ Kd8 70.
Qd6+ Ke8 71. Qd7+ Kf8 72. Qf5+ 1-0

[Event "17th Dubai Chess Open"]
[Site "Dubai UAE"]
[Date "2015.04.11"]
[Round "6.8"]
[White "Banusz, Tamas"]
[Black "Guseinov, Gadir"]
[Result "1/2-1/2"]
[WhiteTitle "GM"]
[BlackTitle "GM"]
[WhiteElo "2585"]
[BlackElo "2614"]
[WhiteFideId "722413"]
[BlackFideId "13401378"]
[EventDate "2015.04.06"]

1. Nf3 Nf6 2. c4 g6 3. Nc3 Bg7 4. e4 d6 5. d4 O-O 6. Be2 Bg4 7. Be3 Nfd7 8. Ng1
Bxe2 9. Ngxe2 c5 10. O-O cxd4 11. Bxd4 Nf6 12. f3 Nc6 13. Be3 Rc8 14. Qd2 Qa5
15. b3 a6 16. a4 Nd7 17. Rab1 Rfe8 18. Rfc1 Nc5 19. Qd1 Qd8 20. Qd2 Qa5 21. Qd1
Qd8 22. Qd2 1/2-1/2

[Event "17th Dubai Chess Open"]
[Site "Dubai UAE"]
[Date "2015.04.11"]
[Round "6.9"]
[White "Petrosian, Tigran L."]
[Black "Nigalidze, Gaioz"]
[Result "1-0"]
[WhiteTitle "GM"]
[BlackTitle "GM"]
[WhiteElo "2671"]
[BlackElo "2566"]
[WhiteFideId "13301616"]
[BlackFideId "13603078"]
[EventDate "2015.04.06"]

1. Nf3 c5 2. g3 Nc6 3. c4 e5 4. Nc3 g6 5. Bg2 Bg7 6. a3 a5 7. O-O d6 8. Ne1 Be6
9. d3 Nge7 10. Nc2 Qd7 11. Ne3 Bh3 12. Ned5 Bxg2 13. Kxg2 Nxd5 14. cxd5 Nd4 15.
a4 Nf5 16. Nb5 h5 17. h3 O-O 18. Na3 Qe7 19. Nc4 e4 20. Ra2 h4 21. b3 hxg3 22.
fxg3 Rad8 23. Rf4 1-0

[Event "17th Dubai Chess Open"]
[Site "Dubai UAE"]
[Date "2015.04.11"]
[Round "6.10"]
[White "Stojanovic, Mihajlo"]
[Black "Zhigalko, Sergei"]
[Result "1/2-1/2"]
[WhiteTitle "GM"]
[BlackTitle "GM"]
[WhiteElo "2555"]
[BlackElo "2675"]
[WhiteFideId "916366"]
[BlackFideId "13502956"]
[EventDate "2015.04.06"]

1. Nf3 Nf6 2. c4 e6 3. Nc3 Bb4 4. Qc2 O-O 5. a3 Bxc3 6. Qxc3 a5 7. b3 d6 8. d4
b6 9. g3 Bb7 10. Bg2 Nbd7 11. O-O c5 12. Bb2 Qc7 13. Rfd1 Rfe8 14. Rac1 h6 15.
h3 Rac8 16. Ba1 Be4 17. dxc5 bxc5 18. b4 axb4 19. axb4 e5 20. b5 Nb6 21. Nd2
Bxg2 22. Kxg2 Ra8 23. Qc2 Qb7+ 24. Kh2 Ra4 25. Bb2 Rea8 26. Ra1 Nfd7 27. Qd3
Rxa1 28. Bxa1 Nc8 29. Ne4 Ra2 30. Nc3 Ra8 31. Ne4 Ndb6 32. Nxd6 Nxd6 33. Qxd6
Nxc4 34. Qxc5 Qe4 35. Qc6 1/2-1/2